书目信息 |
| 题名: |
自动检测技术与装置
|
|
| 作者: | 张宏建 编著 | |
| 分册: | ||
| 出版信息: | 北京 化学工业出版社 2010.09 |
|
| 页数: | 312页 | |
| 开本: | 26cm | |
| 丛书名: | ||
| 单 册: | ||
| 中图分类: | TP274 | |
| 科图分类: | ||
| 主题词: | 自动检测系统 , 自动检测系统--高等教育--教材 | |
| 电子资源: | ||
| ISBN: | 978-7-122-09249-6 | |
| 000 | 01134n|m0 2200313 450 | |
| 001 | 0100140543 | |
| 005 | 20141020221312.0 | |
| 010 | @a978-7-122-09249-6@dCNY38.00 | |
| 100 | @a20101119d2010 em y0chiy50 ea | |
| 101 | 0 | @achi |
| 101 | 11 | @achi |
| 102 | @aCN@b110000 | |
| 105 | @aa z 000yy | |
| 106 | 1 | @ar |
| 135 | @adrbn auuuu | |
| 200 | 1 | @a自动检测技术与装置@Azi dong jian ce ji shu yu zhuang zhi@9zi dong jian ce ji shu yu zhuang zhi@b电子资源.图书@f张宏建[等]编著@Fzhang hong jian [ den ] bian zhu |
| 205 | @a2版 | |
| 210 | @a北京@c化学工业出版社@d2010.09 | |
| 215 | @a312页@c图@d26cm | |
| 325 | @a电子复制品 | |
| 330 | @a本书首先介绍检测技术的一般概念和检测仪表的共性知识,包括测量误差、准确度等;然后介绍各种检测元件的检测原理和使用特点;接着重点介绍各种常见参数的检测方法和检测仪表;最后简单介绍检测技术的最新进展,包括软测量技术和图像检测技术等。 | |
| 540 | @a自动检测技术与装置 | |
| 606 | 0 | @a自动检测系统 |
| 606 | 0 | @a自动检测系统@x高等教育@j教材 |
| 690 | @aTP274@v5 | |
| 701 | 0 | @a张宏建@Azhang hong jian@4编著 |
| 801 | @aCN | |
| 901 | @a001 | |
| 905 | @b1103407-9@dTP274@eZ112:2@f3@a241430 | |
| 自动检测技术与装置[电子资源.图书]/张宏建[等]编著.-2版.-北京:化学工业出版社,2010.09 |
| 312页:图;26cm |
| ISBN 978-7-122-09249-6:CNY38.00 |
| 本书首先介绍检测技术的一般概念和检测仪表的共性知识,包括测量误差、准确度等;然后介绍各种检测元件的检测原理和使用特点;接着重点介绍各种常见参数的检测方法和检测仪表;最后简单介绍检测技术的最新进展,包括软测量技术和图像检测技术等。 |
| ● |
| 相关链接 |
|
|
|
正题名:自动检测技术与装置
索取号:TP274/Z112:2
 
预约/预借
| 序号 | 登录号 | 条形码 | 馆藏地/架位号 | 状态 | 备注 |
| 1 | 1103407 | 211034076 | 自科库301/301自科库 43排1列5层/ [索取号:TP274/Z112:2] | 在馆 | |
| 2 | 1103408 | 211034085 | 自科库301/301自科库 43排1列5层/ [索取号:TP274/Z112:2] | 在馆 | |
| 3 | 1103409 | 211034094 | 自科库301/301自科库 41排4列3层/ [索取号:TP274/Z112:2] | 在馆 |